Największe miasto według zbiornika wodnego - Statystyki

Ogólne statystyki
  • Ten quiz został rozwiązany 1 140 razy
  • Średni wynik to 10 z 20
Statystyki odpowiedzi
Zbiornik wodny Miasto % Poprawnych
Morze Irlandzkie Dublin lub Liverpool
95%
Jezioro Michigan Chicago
90%
Zatoka Perska Dubaj
81%
Zatoka Fińska Petersburg
74%
Morze Egejskie Ateny lub Izmir
73%
Zatoka Long Island Nowy Jork
69%
Jezioro Ontario Toronto
68%
Morze Kaspijskie Baku
63%
Morze Marmara Stambuł
62%
Morze Jawajskie Dżakarta
61%
Morze Adriatyckie Wenecja lub Bari
61%
Morze Arabskie Mumbaj
49%
Jezioro Wiktoria Kampala
39%
Morze Czerwone Dżedda
34%
Zatoka Bengalska Ćennaj
19%
Zatoka Botaniczna Sydney
18%
Zatoka Puget Seattle
16%
Zatoka Chesapeake Baltimore
13%
Jezioro Pontchartrain Nowy Orlean
11%
Jezioro Górne Duluth
9%
Nie znaleziono quizów pasujących do podanych kryteriów
Rozkład punktacji
Procent ludzi z każdym wynikiem
Percentyl według liczby udzielonych odpowiedzi
Twoja historia wyników
Nie rozwiązałeś tego quizu